000 01400nam a2200349Ia 4500
001 ebr10661773
003 CaPaEBR
006 m u
007 cr cn|||||||||
008 110118s2010 nyuab sb 001 0 eng d
010 _z 2010484582
020 _z9781616682491 (hbk.)
020 _z9781611224559
040 _aCaPaEBR
_cCaPaEBR
035 _a(OCoLC)676837702
043 _an-us---
050 1 4 _aHD9581.U5
_bN34158 2010eb
245 0 0 _aNatural gas markets and lessons learned
_h[electronic resource] /
_cE. K. Cho, editor.
260 _aNew York :
_bNova Science Publishers,
_cc2010.
300 _aviii, 144 p.
_bill. (chiefly col.), maps (some col.).
490 0 _aEnergy politicies, politics and prices
504 _aIncludes bibliographical references and index.
533 _aElectronic reproduction.
_bPalo Alto, Calif. :
_cebrary,
_d2013.
_nAvailable via World Wide Web.
_nAccess may be limited to ebrary affiliated libraries.
650 0 _aGas industry
_zUnited States.
650 0 _aGas industry
_xPrices
_zUnited States.
650 0 _aEnergy consumption
_zUnited States.
650 0 _aGas industry
_xGovernment policy
_zUnited States.
655 7 _aElectronic books.
_2local
700 1 _aCho, E. K.
710 2 _aebrary, Inc.
856 4 0 _uhttp://site.ebrary.com/lib/rucke/Doc?id=10661773
_zAn electronic book accessible through the World Wide Web; click to view
999 _c169850
_d169850